<?xml version="1.0" encoding="UTF-8"?>
<collection xmlns="http://www.loc.gov/MARC21/slim">
  <record>
    <leader>00000nam  2200000   4500</leader>
    <controlfield tag="001">INLIS000000000000260</controlfield>
    <controlfield tag="005">20180724134336</controlfield>
    <controlfield tag="008">180724|||||||||   |   |||   |||| ||   | </controlfield>
    <datafield tag="035" ind1=" " ind2=" ">
      <subfield code="0">010-0718000260</subfield>
    </datafield>
    <datafield tag="041" ind1=" " ind2=" ">
      <subfield code="a">id</subfield>
    </datafield>
    <datafield tag="082" ind1=" " ind2=" ">
      <subfield code="a">015</subfield>
    </datafield>
    <datafield tag="090" ind1=" " ind2=" ">
      <subfield code="a">R 015 PIM I  2013</subfield>
    </datafield>
    <datafield tag="100" ind1=" " ind2=" ">
      <subfield code="a">Setianto, Agus</subfield>
    </datafield>
    <datafield tag="245" ind1=" " ind2=" ">
      <subfield code="a">Peningkatan efektivitas pembinaan sistim pengendalian intern pemerintah (SPIP)</subfield>
    </datafield>
    <datafield tag="260" ind1=" " ind2=" ">
      <subfield code="a">Jakarta</subfield>
      <subfield code="b">Lembaga Administrasi Negara</subfield>
      <subfield code="c">2013</subfield>
    </datafield>
    <datafield tag="300" ind1=" " ind2=" ">
      <subfield code="a">18 hlm.; 30 cm.</subfield>
    </datafield>
    <datafield tag="500" ind1=" " ind2=" ">
      <subfield code="a">Sebagaimana telah diamanatkan dalam pasal 59 Peraturan Pemerinta nomor 60 tahun 2008, BPKP telah ditetapkan sebagai pembina terhadap penyelenggaraan SPIP diseluruh Instansi Pemerintah. Dalam melaksanakan ketentuan tersebut telah dibentuk Satgas Pembinaan Penyelenggaraan (PP) SPIP yang berada dibawah Kepala BPKP dengan seorang Deputi sebagai penanggungjawabnya. Satgas PP SPIP tersebut telah mengeluarkan 16 buah pedoman teknis yang terdiri dari 41 buah buku, meyelenggarakan diklat SPIP dilingkungan K/L kepada 6.343 orang, melakukan sosialisasi kepada 116 entitas dengan peserta sebanyak 13.769 orang serta telah melakukan bimbingan dan konsultasi sebanyak 76 kali di K/L termasuk pengembangan kapasitas APIP.</subfield>
    </datafield>
    <datafield tag="650" ind1=" " ind2=" ">
      <subfield code="a">Efektivitas Pengendalian intern -- Proyek Perubahan PIM1</subfield>
    </datafield>
  </record>
</collection>
